Rozsypanka literowa - miasta w województwie kujawsko-pomorskim - Statystyki

Ogólne statystyki
  • Ten quiz został rozwiązany 26 razy
  • Średni wynik to 13 z 20
Statystyki odpowiedzi
Miasto % Poprawnych
Żnin
91%
Toruń
83%
Włocławek
83%
Chełmno
78%
Świecie
78%
Bydgoszcz
74%
Chełmża
74%
Wąbrzeźno
74%
Grudziądz
70%
Lipno
70%
Mogilno
65%
Ciechocinek
61%
Nakło nad Notecią
61%
Tuchola
61%
Aleksandrów Kujawski
48%
Pakość
48%
Brodnica
43%
Barcin
39%
Janikowo
30%
Solec Kujawski
30%
Nie znaleziono quizów pasujących do podanych kryteriów
Rozkład punktacji
Procent ludzi z każdym wynikiem
Percentyl według liczby udzielonych odpowiedzi
Twoja historia wyników
Nie rozwiązałeś tego quizu